000 00795nam a2200241Ia 4500
003 OSt
005 20220927105648.0
006 a|||||r|||| 00| 0
007 ta
008 220926b |||||||| |||| 00| 0 eng d
024 _a195117
037 _cReference Collections
040 _aRTL
_cRTL
_beng
041 _2eng
_aeng
082 _a"X:31.2.K6, L5/Th"
100 _aNAIR K.R.G.
_9374047
245 0 _aInter-state income disparities in India 1950-51 to 1965-66.
260 _c1975
300 _a"ii, 322p Bibliography: P 314-22"
_ccm.
490 _a"University of Delhi, Economics (Deptt. of-), Thesis. Thesis, University of Delhi, Economics (Deptt. of-"
942 _h"X:31.2.K6, L5/Th"
_cCC
999 _c693740
_d693740